The rights of man (Record no. 2977)
[ view plain ]
| 000 -LEADER | |
|---|---|
| fixed length control field | 00979nam a2200253Ia 4500 |
| 100 1# - MAIN ENTRY--AUTHOR NAME | |
| Personal name | Paine, Thomas, |
| 245 14 - TITLE STATEMENT | |
| Title | The rights of man |
| 260 ## - PUBLICATION, DISTRIBUTION, ETC. (IMPRINT) | |
| Place of publication | Blacksburg, VA : |
| Name of publisher | Virginia Tech, |
| Year of publication | 2001. |
| 300 ## - PHYSICAL DESCRIPTION | |
| Number of Pages | 163 p. |
| 650 #0 - SUBJECT ADDED ENTRY--TOPICAL TERM | |
| Topical Term | Political science. |
| 856 40 - ELECTRONIC LOCATION AND ACCESS | |
| Uniform Resource Identifier | http://site.ebrary.com/lib/rucke/Doc?id=5000783 |
No items available.
